00817nam a2200241Ia 450000100060000000300090000600800410001504000130005604000130006904100130008210000170009510000290011224500590014124500350020025000110023526000100024626000270025626000490028330000590033250001300039165000230052165000310054414403IT-RoPAU130308s9999 xx 000 0 und d aIT-RoPAU cIT-RoPAU aFRANCESE aNicolas Anne gCodice Aut. SPICS: 10543 a"A propos d'une traduction ""positiviste"" de Lucrece" bSemantique, Codes, Traductions a1a ed. aLILLE bPresses Universitaires c1979 [1° Ed.:1979 - Ed.Ling.Originale:1979] a"26 p. (prefazione: no ; testo: 26 [pagine: 139-164])" aA Proposito di una Traduzione Positivista di Lucrezio Traduttori Positivismo e Atto di Traduzione Neo classicismo Generatrice aSAGGI DI SEMANTICA eCodice materia Spics: 3307